[Event "EU-ch U10 30th"]
[Site "Antalya"]
[Date "2022.11.10"]
[Round "5"]
[White "Golikov, Ivan"]
[Black "Nguyen, Anh Khoi"]
[Result "1-0"]
[WhiteElo "1412"]
[BlackElo "2520"]
[PlyCount "57"]
[EventDate "2022.11.06"]
[EventType "swiss"]
[EventRounds "9"]
[EventCountry "TUR"]
[SourceTitle "CBM 211 Extra"]
[Source "ChessBase"]
[SourceDate "2023.01.31"]
[SourceVersion "1"]
[SourceVersionDate "2023.01.31"]
[SourceQuality "1"]

1. d4 Nf6 2. Nf3 d5 3. c4 e6 4. Nc3 c5 5. cxd5 Nxd5 6. e4 Nxc3 7. bxc3 cxd4 8. cxd4 Bb4+ 9. Bd2 Bxd2+ 10. Qxd2 0-0 11. Bd3 Nc6 12. Bc2 Bd7 13. 0-0 Qa5 14. Qe3 Nb4 15. Bb3 Rac8 16. Ne5 Bb5 17. Rfc1 Nc6 18. Nf3 Rfd8 19. d5 exd5 20. exd5 Nb4 21. d6 Rxc1+ 22. Rxc1 Qb6 23. Qe7 Be8 24. Re1 h6 25. d7 Bxd7 26. Bxf7+ Kh8 27. Ne5 Nc6 28. Ng6+ Kh7 29. Qe4 1-0

[Event "Asia Junior Speed Qual"]
[Site "Chess.com INT"]
[Date "2021.06.14"]
[Round "1.3"]
[White "Gukesh, Dommaraju"]
[Black "Nguyen, Anh Khoi"]
[Result "1-0"]
[WhiteElo "2578"]
[BlackElo "2520"]
[PlyCount "57"]
[EventDate "2021.06.14"]
[EventType "k.o. (blitz)"]
[EventRounds "3"]
[EventCountry "NET"]
[SourceTitle "CBM 203 Extra"]
[Source "ChessBase"]
[SourceDate "2021.09.30"]
[SourceVersion "1"]
[SourceVersionDate "2021.09.30"]
[SourceQuality "1"]

1. Nf3 Nf6 2. g3 b6 3. Bg2 Bb7 4. 0-0 e6 5. d3 d5 6. Nbd2 Be7 7. e4 c5 8. e5 Nfd7 9. Re1 Nc6 10. h4 Qc7 11. Qe2 0-0-0 12. c3 h6 13. h5 Kb8 14. Nf1 b5 15. Bf4 b4 16. Ne3 Nb6 17. Rec1 Ba6 18. c4 dxc4 19. Nxc4 Nxc4 20. dxc4 g5 21. Be3 Bb7 22. Rd1 g4 23. Nh2 Nd4 24. Bxd4 cxd4 25. Bxb7 Qxb7 26. Nxg4 Bc5 27. Rd3 Rdg8 28. Nf6 Rg5 29. Kh2 1-0

[Event "Asia Junior Speed Qual"]
[Site "Chess.com INT"]
[Date "2021.06.14"]
[Round "1.5"]
[White "Gukesh, Dommaraju"]
[Black "Nguyen, Anh Khoi"]
[Result "0-1"]
[WhiteElo "2578"]
[BlackElo "2520"]
[PlyCount "102"]
[EventDate "2021.06.14"]
[EventType "k.o. (blitz)"]
[EventRounds "3"]
[EventCountry "NET"]
[SourceTitle "CBM 203 Extra"]
[Source "ChessBase"]
[SourceDate "2021.09.30"]
[SourceVersion "1"]
[SourceVersionDate "2021.09.30"]
[SourceQuality "1"]

1. Nf3 Nf6 2. c4 b6 3. Nc3 Bb7 4. Qc2 e6 5. e4 c5 6. e5 Bxf3 7. gxf3 Nh5 8. Qe4 Nc6 9. f4 f5 10. Qf3 g6 11. Ne2 Qh4 12. d3 Bh6 13. a3 a5 14. Qh3 Qxh3 15. Bxh3 Nd4 16. Nxd4 cxd4 17. Bg2 Ra7 18. Bf3 Nxf4 19. Kd1 Kf8 20. Kc2 Kg7 21. h4 Rd8 22. Bd2 d6 23. exd6 Rxd6 24. b4 e5 25. c5 bxc5 26. bxc5 Rd8 27. Rhe1 Re8 28. Rab1 Rc7 29. Rb5 Nxd3 30. Bxh6+ Kxh6 31. Kxd3 e4+ 32. Bxe4 fxe4+ 33. Rxe4 Rf8 34. f4 Rf5 35. Rxd4 Rcxc5 36. Rb7 Rb5 37. Rdd7 Rxb7 38. Rxb7 Rxf4 39. Ra7 Rxh4 40. Rxa5 g5 41. Ra7 Kg6 42. a4 Rh3+ 43. Ke4 g4 44. Kf4 h5 45. Ra6+ Kf7 46. Kg5 g3 47. Rf6+ Ke7 48. Rf1 g2 49. Rg1 Rh2 50. Kf4 h4 51. Kf3 h3 0-1

[Event "Asia Junior Speed Qual"]
[Site "Chess.com INT"]
[Date "2021.06.14"]
[Round "1.9"]
[White "Gukesh, Dommaraju"]
[Black "Nguyen, Anh Khoi"]
[Result "1/2-1/2"]
[WhiteElo "2578"]
[BlackElo "2520"]
[PlyCount "236"]
[EventDate "2021.06.14"]
[EventType "k.o. (blitz)"]
[EventRounds "3"]
[EventCountry "NET"]
[SourceTitle "CBM 203 Extra"]
[Source "ChessBase"]
[SourceDate "2021.09.30"]
[SourceVersion "1"]
[SourceVersionDate "2021.09.30"]
[SourceQuality "1"]

1. d4 Nf6 2. Nf3 b6 3. c4 e6 4. a3 Ba6 5. Qc2 Bb7 6. Nc3 c5 7. e4 cxd4 8. Nxd4 Nc6 9. Nxc6 Bxc6 10. Be2 Qc7 11. Be3 Bc5 12. Qd3 0-0 13. 0-0 Bxe3 14. Qxe3 d6 15. Rad1 Rfd8 16. f4 Rac8 17. Kh1 Qb7 18. Bf3 a6 19. b3 b5 20. cxb5 axb5 21. b4 Qa6 22. Ra1 d5 23. exd5 Nxd5 24. Bxd5 Bxd5 25. f5 Bc4 26. f6 Qd6 27. Qg5 Qf8 28. Rf3 g6 29. h3 h6 30. Qf4 Kh7 31. Kh2 Rd3 32. Rxd3 Bxd3 33. Qd4 Bc4 34. Rd1 Qe8 35. Ne4 e5 36. Qe3 Qe6 37. Rd6 Qf5 38. Ng3 Qf4 39. Qxf4 exf4 40. Ne4 Ra8 41. Rd4 Rxa3 42. Nd6 Rc3 43. Rxf4 g5 44. Rf5 Kg6 45. Rc5 Rd3 46. Nxc4 bxc4 47. Rxc4 Rb3 48. Kg1 Kxf6 49. Kf2 Ke5 50. Rc5+ Kd6 51. Rb5 Kc6 52. Rf5 Rxb4 53. Rxf7 Rh4 54. Kg3 Kd5 55. Rf6 Ke5 56. Ra6 Kf5 57. Kf3 Rf4+ 58. Ke3 Re4+ 59. Kf2 Rf4+ 60. Kg1 Rh4 61. g4+ Kf4 62. Kg2 Ke5 63. Rg6 Kf4 64. Kh2 Kf3 65. Rf6+ Ke4 66. Kg3 Ke5 67. Rg6 Ke4 68. Re6+ Kd5 69. Re3 Kd4 70. Ra3 Ke4 71. Ra5 Kd4 72. Ra3 Ke4 73. Kf2 Kf4 74. Rf3+ Ke4 75. Re3+ Kf4 76. Ra3 Ke4 77. Ke2 Kf4 78. Rf3+ Ke4 79. Kf2 Ke5 80. Ke3 Ke6 81. Kf2 h5 82. Kg3 hxg4 83. hxg4 Rh1 84. Rf5 Rg1+ 85. Kh3 Rh1+ 86. Kg2 Ra1 87. Rxg5 Kf6 88. Rb5 Kg6 89. Kg3 Ra3+ 90. Kh4 Ra1 91. Rb6+ Kg7 92. Rc6 Ra7 93. Kh5 Ra5+ 94. Kh4 Ra1 95. Rc5 Ra7 96. Kg5 Ra8 97. Rc7+ Kg8 98. Kh6 Ra6+ 99. Kh5 Ra8 100. g5 Kh8 101. Kh6 Kg8 102. Rh7 Rb8 103. g6 Rb1 104. Ra7 Rh1+ 105. Kg5 Rg1+ 106. Kf6 Rf1+ 107. Ke5 Re1+ 108. Kf4 Re8 109. Rf7 Rb8 110. Kg5 Ra8 111. Kh6 Rb8 112. Rf5 Ra8 113. g7 Ra6+ 114. Kg5 Kxg7 115. Rb5 Rc6 116. Rb7+ Kf8 117. Kf5 Ra6 118. Ke5 Rc6 1/2-1/2

[Event "Asia Junior Speed Qual"]
[Site "Chess.com INT"]
[Date "2021.06.14"]
[Round "1.15"]
[White "Gukesh, Dommaraju"]
[Black "Nguyen, Anh Khoi"]
[Result "1-0"]
[WhiteElo "2578"]
[BlackElo "2520"]
[PlyCount "55"]
[EventDate "2021.06.14"]
[EventType "k.o. (blitz)"]
[EventRounds "3"]
[EventCountry "NET"]
[SourceTitle "CBM 203 Extra"]
[Source "ChessBase"]
[SourceDate "2021.09.30"]
[SourceVersion "1"]
[SourceVersionDate "2021.09.30"]
[SourceQuality "1"]

1. d4 Nf6 2. Nf3 b6 3. g3 Bb7 4. Bg2 e6 5. 0-0 Be7 6. c4 0-0 7. Nc3 Ne4 8. Qc2 Nxc3 9. Qxc3 d6 10. Qc2 Nd7 11. e4 c5 12. d5 Bf6 13. Bf4 Qe7 14. Rad1 exd5 15. exd5 Rfe8 16. Rfe1 Qf8 17. Bh3 Rad8 18. Rxe8 Qxe8 19. Bxd6 Ne5 20. Bxe5 Bxe5 21. Re1 f6 22. Be6+ Kh8 23. Nxe5 fxe5 24. Rxe5 Qf8 25. Rh5 h6 26. Qg6 Qf3 27. Rxh6+ gxh6 28. Qxh6# 1-0

[Event "Asia Junior Speed Qual"]
[Site "Chess.com INT"]
[Date "2021.06.14"]
[Round "1.12"]
[White "Nguyen, Anh Khoi"]
[Black "Gukesh, Dommaraju"]
[Result "0-1"]
[WhiteElo "2520"]
[BlackElo "2578"]
[PlyCount "102"]
[EventDate "2021.06.14"]
[EventType "k.o. (blitz)"]
[EventRounds "3"]
[EventCountry "NET"]
[SourceTitle "CBM 203 Extra"]
[Source "ChessBase"]
[SourceDate "2021.09.30"]
[SourceVersion "1"]
[SourceVersionDate "2021.09.30"]
[SourceQuality "1"]

1. d4 Nf6 2. c4 g6 3. Nc3 Bg7 4. e4 d6 5. f3 0-0 6. Nge2 c5 7. d5 e6 8. Ng3 exd5 9. cxd5 a6 10. a4 Nbd7 11. Be2 h5 12. Bg5 Qb6 13. Qd2 Nh7 14. a5 Qb4 15. Be3 h4 16. Nf1 Ne5 17. Ra4 Nxf3+ 18. gxf3 Bxc3 19. Rxb4 Bxd2+ 20. Nxd2 cxb4 21. Nc4 Bd7 22. Nxd6 Nf6 23. Nxb7 Rfe8 24. Nc5 Bb5 25. Bxb5 axb5 26. a6 Nxd5 27. Ke2 Nxe3 28. Kxe3 Rec8 29. Nd3 Rxa6 30. Nxb4 Ra4 31. Nd5 Rc2 32. Rd1 Rxb2 33. Nf6+ Kg7 34. e5 Ra3+ 35. Kf4 Rb4+ 36. Ne4 Rbb3 37. Ng5 Rd3 38. Rc1 Ra4+ 39. Ne4 Rc4 40. Ra1 b4 41. Ra7 Kf8 42. Ra8+ Ke7 43. Rb8 b3 44. Rb7+ Kd8 45. Rxf7 Rb4 46. Kg5 b2 47. e6 Rxe4 48. fxe4 b1Q 49. Kf6 Rf3+ 50. Kg7 Qb2+ 51. Kg8 Re3 0-1

[Event "Titled Tuesday intern op 08th June"]
[Site "Chess.com INT"]
[Date "2021.06.08"]
[Round "10"]
[White "Arabidze, Meri"]
[Black "Nguyen, Anh Khoi"]
[Result "0-1"]
[WhiteElo "2432"]
[BlackElo "2520"]
[PlyCount "100"]
[EventDate "2021.06.08"]
[EventType "swiss (blitz)"]
[EventRounds "11"]
[EventCountry "USA"]
[SourceTitle "CBM 202 Extra"]
[Source "ChessBase"]
[SourceDate "2021.07.31"]
[SourceVersion "1"]
[SourceVersionDate "2021.07.31"]
[SourceQuality "1"]

1. d4 Nf6 2. Nf3 b6 3. g3 Bb7 4. Bg2 e6 5. c4 Be7 6. 0-0 0-0 7. Nc3 Ne4 8. Bd2 Bf6 9. Be1 Nxc3 10. Bxc3 Be4 11. Re1 d5 12. Bf1 Bg6 13. Ne5 Bxe5 14. dxe5 c6 15. cxd5 cxd5 16. Bb4 Re8 17. Bd6 Nc6 18. Qa4 Qd7 19. e4 a6 20. exd5 exd5 21. Qb3 Nd4 22. Qxd5 Nc2 23. Bg2 Rac8 24. Rad1 Nxe1 25. Rxe1 Rc2 26. Qb3 Qb5 27. Qxb5 axb5 28. b4 Bd3 29. a3 Bc4 30. Bc6 Rc8 31. Bd7 Rd8 32. Bf5 Ra2 33. Bc7 Rdd2 34. Bxb6 Rxa3 35. Bc5 Bd5 36. h4 Rda2 37. Kh2 Ra1 38. Rxa1 Rxa1 39. g4 g6 40. Bc8 Bc6 41. Kg3 Ra8 42. e6 Rxc8 43. e7 f6 44. f4 Kf7 45. g5 f5 46. h5 gxh5 47. Kh4 Bf3 48. g6+ hxg6 49. Kg5 Rxc5 50. bxc5 Kxe7 0-1

[Event "Titled Tuesday intern op 08th June"]
[Site "Chess.com INT"]
[Date "2021.06.08"]
[Round "1"]
[White "Golizadeh, Asghar"]
[Black "Nguyen, Anh Khoi"]
[Result "0-1"]
[WhiteElo "2455"]
[BlackElo "2520"]
[PlyCount "56"]
[EventDate "2021.06.08"]
[EventType "swiss (blitz)"]
[EventRounds "11"]
[EventCountry "USA"]
[SourceTitle "CBM 202 Extra"]
[Source "ChessBase"]
[SourceDate "2021.07.31"]
[SourceVersion "1"]
[SourceVersionDate "2021.07.31"]
[SourceQuality "1"]

1. e4 c5 2. Nf3 d6 3. Bb5+ Bd7 4. Bxd7+ Nxd7 5. 0-0 Ngf6 6. Re1 e6 7. c3 Be7 8. d4 d5 9. e5 Ne4 10. Nbd2 Nxd2 11. Bxd2 0-0 12. Rc1 Qb6 13. Qb3 Qa6 14. h4 Rfc8 15. a3 Nb6 16. Be3 Nc4 17. g3 Rc6 18. dxc5 Nxe3 19. Rxe3 Bxc5 20. Ree1 h6 21. Kg2 Rac8 22. Red1 Bb6 23. Nd4 Rc4 24. Nb5 Bc5 25. Nd6 Bxd6 26. exd6 Rd8 27. Rd4 Qc6 28. Rxc4 dxc4+ 0-1

[Event "Abu Dhabi op 26th"]
[Site "Abu Dhabi"]
[Date "2019.08.09"]
[Round "8"]
[White "Nguyen, Anh Khoi"]
[Black "Santos Latasa, Jaime"]
[Result "1/2-1/2"]
[WhiteElo "2529"]
[BlackElo "2586"]
[PlyCount "62"]
[EventDate "2019.08.02"]
[EventType "swiss"]
[EventRounds "9"]
[EventCountry "UAE"]
[SourceTitle "CBM 191 Extra"]
[Source "ChessBase"]
[SourceDate "2019.09.30"]
[SourceVersion "1"]
[SourceVersionDate "2019.09.30"]
[SourceQuality "1"]

1. d4 Nf6 2. c4 g6 3. Nc3 Bg7 4. e4 d6 5. h3 0-0 6. Be3 c6 7. Nf3 Na6 8. Rc1 Nc7 9. Bd3 b5 10. cxb5 cxb5 11. 0-0 Bb7 12. a3 a6 13. d5 Qd7 14. Nd4 e6 15. dxe6 Nxe6 16. Nxe6 Qxe6 17. Bd4 Rfe8 18. Re1 Nd7 19. Bxg7 Kxg7 20. Bxb5 axb5 21. Nxb5 Nf6 22. Nc7 Qe5 23. f3 Reb8 24. Nxa8 Bxa8 25. b4 d5 26. exd5 Qb2 27. Qd3 Nxd5 28. Qe2 Qd4+ 29. Qf2 Qf6 30. Rcd1 Kg8 31. Qd4 Qa6 1/2-1/2

[Event "Abu Dhabi op 26th"]
[Site "Abu Dhabi"]
[Date "2019.08.04"]
[Round "4"]
[White "Nguyen, Anh Khoi"]
[Black "Ajay, Karthikeyan"]
[Result "1-0"]
[WhiteElo "2529"]
[BlackElo "2213"]
[PlyCount "137"]
[EventDate "2019.08.02"]
[EventType "swiss"]
[EventRounds "9"]
[EventCountry "UAE"]
[SourceTitle "CBM 191 Extra"]
[Source "ChessBase"]
[SourceDate "2019.09.30"]
[SourceVersion "1"]
[SourceVersionDate "2019.09.30"]
[SourceQuality "1"]

1. d4 e5 2. c4 d6 3. Nc3 Nd7 4. Nf3 Be7 5. Bg5 Ngf6 6. e3 0-0 7. Be2 c6 8. Qc2 Qc7 9. 0-0 Re8 10. Rfd1 a6 11. Rac1 b6 12. h3 Bb7 13. Bh4 h6 14. Bg3 Rad8 15. c5 exd4 16. cxb6 Nxb6 17. Nxd4 c5 18. Nf5 Bf8 19. b4 cxb4 20. Ne4 Qxc2 21. Nxf6+ gxf6 22. Rxc2 Be4 23. Bd3 Bxd3 24. Rxd3 d5 25. Rc6 Re6 26. Rxb6 Rxb6 27. Bc7 Rbb8 28. Bxb8 Rxb8 29. Rxd5 Kh7 30. g4 b3 31. axb3 Rxb3 32. Rd7 Kg6 33. Rd8 Bc5 34. Rg8+ Kh7 35. Rg7+ Kh8 36. Rxf7 a5 37. Rc7 Rc3 38. Ng3 Rc1+ 39. Kg2 Bxe3 40. Rd7 Bf4 41. Nh5 Be5 42. f4 Bb2 43. Ra7 Rc2+ 44. Kf3 Rc5 45. Ra6 Kh7 46. f5 Rc3+ 47. Kg2 Rc2+ 48. Kg3 Be5+ 49. Kh4 Rc7 50. Nxf6+ Bxf6+ 51. Rxf6 Ra7 52. Kh5 a4 53. Rxh6+ Kg8 54. Rc6 a3 55. Rc1 a2 56. Ra1 Kg7 57. g5 Ra5 58. f6+ Kf7 59. Kh6 Ra4 60. g6+ Kxf6 61. Rf1+ Ke7 62. g7 Rh4+ 63. Kg6 Rxh3 64. g8Q Rg3+ 65. Kh7 Rh3+ 66. Kg7 Rg3+ 67. Kh8 Rh3+ 68. Qh7+ Rxh7+ 69. Kxh7 1-0

[Event "Abu Dhabi op 26th"]
[Site "Abu Dhabi"]
[Date "2019.08.03"]
[Round "3"]
[White "Kushagra, Mohan"]
[Black "Nguyen, Anh Khoi"]
[Result "1-0"]
[WhiteElo "2252"]
[BlackElo "2529"]
[PlyCount "99"]
[EventDate "2019.08.02"]
[EventType "swiss"]
[EventRounds "9"]
[EventCountry "UAE"]
[SourceTitle "CBM 191 Extra"]
[Source "ChessBase"]
[SourceDate "2019.09.30"]
[SourceVersion "1"]
[SourceVersionDate "2019.09.30"]
[SourceQuality "1"]

1. e4 c5 2. Nf3 d6 3. d4 cxd4 4. Nxd4 Nf6 5. Nc3 a6 6. f3 e6 7. Be3 b5 8. Qd2 Nbd7 9. g4 h6 10. 0-0-0 b4 11. Nce2 Qc7 12. h4 d5 13. g5 hxg5 14. exd5 Nxd5 15. Bxg5 N7b6 16. Nf4 Bd6 17. Nxd5 Nxd5 18. Nf5 Be5 19. Ne3 Bb7 20. Nc4 Bf6 21. Bxf6 gxf6 22. Ne3 Qc5 23. Nxd5 Bxd5 24. Qd4 Rc8 25. Rh2 Qxd4 26. Rxd4 a5 27. f4 Ke7 28. b3 Rc5 29. h5 Rh6 30. Be2 e5 31. Rd3 Be4 32. Rd2 exf4 33. Rh4 f5 34. Rxf4 Kf6 35. Bd1 Ke5 36. Rf1 Rd5 37. Rxd5+ Bxd5 38. Kd2 f4 39. c4 Be4 40. Be2 f5 41. Ke1 Rh8 42. Kf2 Rg8 43. Rg1 Rxg1 44. Kxg1 Bb1 45. h6 Kf6 46. c5 Bxa2 47. Bc4 Bb1 48. c6 Be4 49. c7 Bb7 50. Be6 1-0

[Event "Abu Dhabi op 26th"]
[Site "Abu Dhabi"]
[Date "2019.08.03"]
[Round "2"]
[White "Nguyen, Anh Khoi"]
[Black "Wagh, Suyog"]
[Result "1/2-1/2"]
[WhiteElo "2529"]
[BlackElo "2253"]
[PlyCount "53"]
[EventDate "2019.08.02"]
[EventType "swiss"]
[EventRounds "9"]
[EventCountry "UAE"]
[SourceTitle "CBM 191 Extra"]
[Source "ChessBase"]
[SourceDate "2019.09.30"]
[SourceVersion "1"]
[SourceVersionDate "2019.09.30"]
[SourceQuality "1"]

1. d4 d5 2. c4 c6 3. Nf3 Nf6 4. Nc3 a6 5. g3 dxc4 6. Ne5 b5 7. Bg2 Bb7 8. b3 cxb3 9. axb3 e6 10. 0-0 Be7 11. Bb2 0-0 12. Ne4 Nxe4 13. Bxe4 Bd6 14. Qc2 h6 15. Rfc1 Qe7 16. Nxc6 Nxc6 17. Bxc6 Rfb8 18. Qd3 Bxc6 19. Rxc6 a5 20. d5 e5 21. Rac1 a4 22. b4 e4 23. Qe3 Rd8 24. Rb6 Bxb4 25. Rxb5 a3 26. Ba1 Bd6 27. Kg2 1/2-1/2

[Event "VIE-ch"]
[Site "Ho Chi Minh City"]
[Date "2019.05.06"]
[Round "5"]
[White "Nguyen, Anh Khoi"]
[Black "Tran, Tuan Minh"]
[Result "1/2-1/2"]
[WhiteElo "2507"]
[BlackElo "2526"]
[PlyCount "79"]
[EventDate "2019.05.02"]
[EventType "swiss"]
[EventRounds "9"]
[EventCountry "VIE"]
[SourceTitle "CBM 190 Extra"]
[Source "ChessBase"]
[SourceDate "2019.07.15"]
[SourceVersion "1"]
[SourceVersionDate "2019.07.15"]
[SourceQuality "1"]

1. d4 Nf6 2. c4 b6 3. Nc3 Bb7 4. Nf3 e6 5. a3 d5 6. cxd5 Nxd5 7. Qc2 Be7 8. e4 Nxc3 9. bxc3 0-0 10. Bd3 c5 11. 0-0 cxd4 12. cxd4 h6 13. Qe2 Nc6 14. Bb2 Rc8 15. Rad1 Na5 16. Ne5 Bf6 17. f4 Rc7 18. Kh1 Nc6 19. Bb1 Bxe5 20. fxe5 Ne7 21. d5 Rd7 22. Qg4 Ba6 23. Bd3 Bxd3 24. dxe6 Bxf1 25. Rxd7 Qc8 26. exf7+ Kh7 27. e6 Ng6 28. Qf5 Qc2 29. Qxf1 Qxb2 30. h3 Qxa3 31. Qf5 Qa1+ 32. Kh2 Qf6 33. Rxa7 Kh8 34. Qxf6 gxf6 35. h4 Kg7 36. h5 Ne5 37. e7 Rxf7 38. e8Q Rxa7 39. Qb8 Re7 40. Qxb6 1/2-1/2

[Event "VIE-ch"]
[Site "Ho Chi Minh City"]
[Date "2019.05.02"]
[Round "1"]
[White "Nguyen, Anh Khoi"]
[Black "Pham, Xuan Dat"]
[Result "1-0"]
[WhiteElo "2507"]
[BlackElo "2182"]
[PlyCount "49"]
[EventDate "2019.05.02"]
[EventType "swiss"]
[EventRounds "9"]
[EventCountry "VIE"]
[SourceTitle "CBM 190 Extra"]
[Source "ChessBase"]
[SourceDate "2019.07.15"]
[SourceVersion "1"]
[SourceVersionDate "2019.07.15"]
[SourceQuality "1"]

1. d4 Nf6 2. c4 e6 3. g3 d5 4. Nf3 Be7 5. Bg2 0-0 6. Qc2 a6 7. Nbd2 b5 8. cxd5 exd5 9. 0-0 Re8 10. Nb3 c6 11. a4 a5 12. Bf4 bxa4 13. Rxa4 Bb4 14. Nxa5 Bxa5 15. b4 Nbd7 16. Rfa1 Bb7 17. Rxa5 Rxa5 18. bxa5 Ba6 19. Ne5 Bb5 20. Nxc6 Bxc6 21. Qxc6 Rxe2 22. a6 Re6 23. Qc7 Qa8 24. a7 Re8 25. Rb1 1-0

[Event "Dubai op 21st"]
[Site "Dubai"]
[Date "2019.04.06"]
[Round "5"]
[White "Nguyen, Anh Khoi"]
[Black "Aravindh, Chithambaram VR"]
[Result "1-0"]
[WhiteElo "2484"]
[BlackElo "2599"]
[PlyCount "69"]
[EventDate "2019.04.01"]
[EventType "swiss"]
[EventRounds "9"]
[EventCountry "UAE"]
[SourceTitle "CBM 189 Extra"]
[Source "ChessBase"]
[SourceDate "2019.05.31"]
[SourceVersion "1"]
[SourceVersionDate "2019.05.31"]
[SourceQuality "1"]

1. d4 Nf6 2. c4 e6 3. g3 d5 4. Nf3 Be7 5. Bg2 0-0 6. 0-0 dxc4 7. Qc2 a6 8. a4 Bd7 9. Qxc4 Bc6 10. Bf4 a5 11. Nc3 Na6 12. Rac1 Bxf3 13. Bxf3 c6 14. e4 Nd7 15. Rfd1 Bg5 16. Bxg5 Qxg5 17. e5 Qe7 18. Qe2 Nb6 19. Be4 Nb4 20. Bb1 Rfd8 21. b3 Rd7 22. Ne4 Rad8 23. Qh5 h6 24. Qg4 Kf8 25. Nc5 Rd5 26. Qe4 Qg5 27. h4 Qh5 28. Nxb7 R8d7 29. Nd6 f5 30. Qe3 c5 31. Rd2 g5 32. dxc5 Rc7 33. Nb5 f4 34. Qe1 gxh4 35. Nxc7 1-0

[Event "Sharjah Masters 3rd"]
[Site "Sharjah"]
[Date "2019.03.29"]
[Round "8"]
[White "Nguyen, Anh Khoi"]
[Black "Le, Quang Liem"]
[Result "1-0"]
[WhiteElo "2484"]
[BlackElo "2715"]
[PlyCount "89"]
[EventDate "2019.03.22"]
[EventType "swiss"]
[EventRounds "9"]
[EventCountry "UAE"]
[SourceTitle "CBM 189 Extra"]
[Source "ChessBase"]
[SourceDate "2019.05.31"]
[SourceVersion "1"]
[SourceVersionDate "2019.05.31"]
[SourceQuality "1"]

1. d4 Nf6 2. c4 e6 3. g3 c5 4. d5 exd5 5. cxd5 d6 6. Nc3 g6 7. Bg2 Bg7 8. Nf3 0-0 9. 0-0 Re8 10. Bf4 Na6 11. Re1 Bg4 12. h3 Bxf3 13. Bxf3 Nd7 14. Bg2 Ne5 15. Ne4 Nc7 16. Rc1 a5 17. g4 b5 18. Bg5 f6 19. Bh4 a4 20. b3 axb3 21. axb3 Ra3 22. e3 Nf7 23. Qc2 b4 24. f4 Qe7 25. Rcd1 Nb5 26. Qc4 Rb8 27. Rd2 Kh8 28. Bf1 Nc3 29. Ng3 Qe8 30. Nh1 Rba8 31. Bf2 Nd8 32. e4 Nf7 33. g5 fxg5 34. e5 gxf4 35. exd6 Qd8 36. Qxf4 Nxd6 37. Bxc5 Nf5 38. d6 Qd7 39. Ng3 Nxg3 40. Qxg3 Rxb3 41. Qg4 Qxg4+ 42. hxg4 Bf6 43. d7 Kg7 44. g5 Bxg5 45. Bd4+ 1-0

[Event "Ho Chi Minh City HD Bank op 9th"]
[Site "Ho Chi Minh City"]
[Date "2019.03.13"]
[Round "9"]
[White "Nguyen, Anh Khoi"]
[Black "Nandhidhaa, PV."]
[Result "1/2-1/2"]
[WhiteElo "2484"]
[BlackElo "2240"]
[PlyCount "128"]
[EventDate "2019.03.07"]
[EventType "swiss"]
[EventRounds "9"]
[EventCountry "VIE"]
[SourceTitle "CBM 189 Extra"]
[Source "ChessBase"]
[SourceDate "2019.05.31"]
[SourceVersion "1"]
[SourceVersionDate "2019.05.31"]
[SourceQuality "1"]

1. d4 Nf6 2. c4 e6 3. g3 d5 4. Nf3 Bb4+ 5. Bd2 Be7 6. Bg2 0-0 7. 0-0 c6 8. Qc2 b6 9. Rd1 Nbd7 10. b3 Ba6 11. a4 c5 12. cxd5 exd5 13. Nc3 Rc8 14. Nb5 cxd4 15. Qf5 g6 16. Qb1 Nc5 17. Bh3 Ne6 18. Nfxd4 Nxd4 19. Nxd4 Rc7 20. Bf4 Bd6 21. Bg5 Qe7 22. Ra2 Kg7 23. Rc2 Rxc2 24. Qxc2 h6 25. Bc1 Ba3 26. Bxa3 Qxa3 27. Qc3 Qd6 28. Rc1 Re8 29. e3 Re7 30. Bg2 Kh7 31. Qc6 Qxc6 32. Rxc6 Ne4 33. b4 Bb7 34. Rc2 Kg7 35. h4 h5 36. Bf1 a6 37. Bd3 Kf6 38. Kg2 Rd7 39. Kf3 Ke5 40. Ke2 Kd6 41. Nf3 Re7 42. Nd2 Nxd2 43. Kxd2 Bc6 44. Ra2 a5 45. b5 Bd7 46. Rc2 Re8 47. Kc3 Kc5 48. Rd2 Be6 49. Bc2 Rc8 50. Bb3 Kd6+ 51. Kb2 Ke5 52. Rd4 Rc5 53. Bc2 Bf5 54. Bd1 Be6 55. Be2 Bf5 56. Bd1 Be6 57. Bb3 Kf6 58. Rd3 Ke5 59. Rd2 Ke4 60. Bc2+ Kf3 61. Bd1+ Kg2 62. Bb3 Kf3 63. Ba2 Kg2 64. Bb3 Kf3 1/2-1/2